Manitoba Cities Map Quiz - Statistics

General Stats
  • This quiz has been taken 1,414 times
  • The average score is 6 of 10
Answers on the Map
Answers color-coded by a green-red scale on the quiz's map according to % correct below.
 
Answer Stats
Answer % Correct
Winnipeg
89%
Churchill
81%
Brandon
63%
Flin Flon
55%
Portage la Prairie
53%
Thompson
52%
Dauphin
45%
Winkler
45%
Steinbach
43%
The Pas
43%
No matching quizzes found
Score Distribution
Percent of People with Each Score
Percentile by Number Answered
Your Score History
You have not taken this quiz